La tragedia Biológica y social de la mujer / (Record no. 13688)

000 -CABECERA
fixed length control field 00971nam a22002057a 4500
003 - IDENTIFICADOR DEL NÚMERO DE CONTROL
control field AR-CdUCM
008 - DATOS DE LONGITUD FIJA--INFORMACIÓN GENERAL
fixed length control field 190416b ||||| |||| 00| 0 spa d
040 ## - FUENTE DE LA CATALOGACIÓN
Agencia/entidad que catalogó originalmente la obra MUNICIPALIDAD PROVINCIAL DEL CUSCO
Entidad que transcribió la catalogación BIBLIOTECA MUNICIPAL DEL CUSCO
082 ## - NÚMERO DE LA CLASIFICACIÓN DECIMAL DEWEY
No. de Clasificación 377.6 /
Notacion interna N39
100 ## - ENTRADA PRINCIPAL--NOMBRE DE PERSONA
Nombre Personal Nemilow, A. W.
245 ## - MENCIÓN DE TÍTULO
Título La tragedia Biológica y social de la mujer /
300 ## - DESCRIPCIÓN FÍSICA
Nº de Páginas Extensión 8-93 páginas ;
Dimensiones 18 cm.
505 ## - NOTA DE CONTENIDO CON FORMATO
Nota de contenido formateada Contenido: La vida sexual en el hombre y en los animales -- Puede evadirse el hombre de la dominación del sexo -- La diferenciación de los sexos en el hombre -- La vida de la mujer se halla indisolublemente ligada a sus glándulas germinativas -- La madurez sexual como segunda etapa del individuo sexual ...
650 ## - PUNTO DE ACCESO ADICIONAL DE MATERIA--TÉRMINO DE MATERIA
Descriptor Mujeres
9 (RLIN) 3760
650 ## - PUNTO DE ACCESO ADICIONAL DE MATERIA--TÉRMINO DE MATERIA
Descriptor Educación sexual
9 (RLIN) 6369
650 ## - PUNTO DE ACCESO ADICIONAL DE MATERIA--TÉRMINO DE MATERIA
Descriptor Género
9 (RLIN) 2365
942 ## - ELEMENTOS DE PUNTO DE ACCESO ADICIONAL (KOHA)
Fuente de clasificación
Tipo de item Libros-BMC
945 ## - PROCESAMIENTO DE INFORMACIÓN LOCAL (OCLC)
Catalogador achl
AAAA-MM-DD - Fecha de ingreso o modificacion 2019-04-16
Holdings
Estado de retiro (separado) Fuente de clasificación o esquema de estanterías Estado dañado Ubicación Sala donde se ubica Nombre de la colección Fecha de adquisición o compra Costo, precio normal en soles Signatura topográfica Código de Barras Última vez visto (Koha) Tipo de ítem (Koha)
No     Sala Cusco Antiguo Sala Cusco Antiguo Book Cart 2019-04-16 50.00 377.6 / N39 SCA0003145 2019-04-16 Libros-BMC

Powered by Koha